000
00346nam a2200157Ia 4500
003
OSt
005
20231222112500.0
008
170524s9999 xx 000 0 und d
020
_a
8131703118
040
_c
IIMT UNIVERSITY
100
_a
Ogata K
245
0
_a
Modern Control Engineering
260
_b
Pearson
260
_c
2007
942
_2
ddc
_c
02
999
_c
4831
_d
4831